Members of the University of London - Statistics

General Stats
  • This quiz has been taken 19 times
  • The average score is 7 of 17
Answer Stats
Answer % Correct
The London School of Economics and Political Science
94%
University College London
94%
King's College London
82%
Queen Mary
71%
School of Oriental and African Studies
65%
Birkbeck
53%
Royal Holloway
47%
City
41%
Goldsmiths
35%
St George's
35%
London School of Hygiene & Tropical Medicine
29%
London Business School
24%
Courtauld Institue of Art
18%
Royal Veterinary College
18%
Institute of Cancer Research
12%
Royal Academy of Music
12%
Royal Central School of Speech and Drama
6%
No matching quizzes found
Score Distribution
Percent of People with Each Score
Percentile by Number Answered
Your Score History
You have not taken this quiz